000 00734nam a22002537a 4500
008 130427b xxu||||| |||| 00| 0 eng d
020 _a81-7635-676-x
024 _cAvailable
037 _cAvailable
040 _aMBSTU LIBRARY
_dMBSTU LIBRARY
082 _222
_a001.642 BAR
100 _aBall , Billy.
110 _aDuff , Hoyt.
245 _aRedhat linux 8: unleashed.
260 _aNew Delhi
_bSAMS Techmedia
_c2003
300 _a23 cm.
_b1002 page
_f16
_g23 cm
600 _aComputer programs and programming
650 _2Computer programs and programming
700 _aBall , Billy.
270 _aNew Delhi
_bNew Delhi
_dIndia
365 _b765.00
_d765.00
942 _2ddc
_cBK
999 _c236
_d236